<?xml version="1.0" encoding="UTF-8"?>
<record
    xmlns:xsi="http://www.w3.org/2001/XMLSchema-instance"
    xsi:schemaLocation="http://www.loc.gov/MARC21/slim http://www.loc.gov/standards/marcxml/schema/MARC21slim.xsd"
    xmlns="http://www.loc.gov/MARC21/slim">

  <leader>01497njm a22002657a 4500</leader>
  <controlfield tag="005">20100909153233.0</controlfield>
  <controlfield tag="007">sd ammalaaahaa</controlfield>
  <controlfield tag="008">100830t        xxu||||| |||| 00| 0 hin d</controlfield>
  <datafield tag="028" ind1=" " ind2=" ">
    <subfield code="a">N-55341</subfield>
    <subfield code="b">His Master's Voice</subfield>
  </datafield>
  <datafield tag="035" ind1=" " ind2=" ">
    <subfield code="a">GR-01670</subfield>
  </datafield>
  <datafield tag="040" ind1=" " ind2=" ">
    <subfield code="a">SED/VEN</subfield>
  </datafield>
  <datafield tag="100" ind1=" " ind2=" ">
    <subfield code="9">17458</subfield>
    <subfield code="a">Mohamed Rafi</subfield>
  </datafield>
  <datafield tag="245" ind1=" " ind2=" ">
    <subfield code="a">Dulahan ek rat ki /</subfield>
    <subfield code="h">[Sound recording] :</subfield>
    <subfield code="c">by Mohamed Rafi,Asha bhosle [and] Usha Mangeshker ,Music Madan Mohan,Lyric Mahdi Ali Khan</subfield>
  </datafield>
  <datafield tag="246" ind1=" " ind2=" ">
    <subfield code="a">&#x926;&#x941;&#x932;&#x939;&#x928;  &#x90F;&#x915;  &#x930;&#x93E;&#x924;  &#x915;&#x940;/   </subfield>
  </datafield>
  <datafield tag="260" ind1=" " ind2=" ">
    <subfield code="a">Dum Dum, India </subfield>
    <subfield code="b">His Master's Voice</subfield>
  </datafield>
  <datafield tag="300" ind1=" " ind2=" ">
    <subfield code="a">1 Sound disc [Gramophone Record] :</subfield>
    <subfield code="b">analog, 33 1/3 rpm</subfield>
    <subfield code="c">12 in (LP)</subfield>
    <subfield code="f">Gramophone Records</subfield>
  </datafield>
  <datafield tag="500" ind1=" " ind2=" ">
    <subfield code="a">Brief record </subfield>
  </datafield>
  <datafield tag="505" ind1=" " ind2=" ">
    <subfield code="a">&#x92A;&#x93E;&#x930;&#x94D;&#x91F; &#x967;  &#x915;&#x93F;&#x938;&#x940; &#x915;&#x93E; &#x915;&#x941;&#x91B; &#x916;&#x94B; &#x917;&#x92F;&#x93E; &#x939;&#x948;&#x902;( &#x926;&#x941;&#x932;&#x939;&#x928; &#x90F;&#x915; &#x930;&#x93E;&#x924; &#x915;&#x940;)( &#x92E;&#x94B;&#x939;&#x92E;&#x926;  &#x930;&#x92B;&#x93C;&#x940;)  (&#x906;&#x936;&#x93E;  &#x92D;&#x94B;&#x938;&#x932;&#x947;) ( &#x909;&#x937;&#x93E;  &#x92E;&#x902;&#x917;&#x947;&#x936;&#x915;&#x930;) (&#x92E;&#x94D;&#x92F;&#x942;&#x91C;&#x93F;&#x915; )( &#x92E;&#x926;&#x928;  &#x92E;&#x94B;&#x939;&#x928;) (&#x932;&#x94D;&#x92F;&#x94D;&#x930;&#x93F;&#x915;) ( &#x92E;&#x939;&#x926;&#x940;  &#x905;&#x932;&#x940;  &#x916;&#x93E;&#x928; )Part 1  Kisi Ka kuch  Kho gaya  hain( Dulahan ek rat  Ki)( Mohamed  Rafi )  (Asha   bhosle )( Usha   Mangeshker ) (Music  )( Madan   Mohan ) (Lyric ) ( Mahdi Ali Khan) &#x92A;&#x93E;&#x930;&#x94D;&#x91F;  &#x968;  &#x914;  &#x930;&#x91C;&#x93E;  &#x91C;&#x940;   Part 2 Ao raja ji </subfield>
  </datafield>
  <datafield tag="650" ind1=" " ind2=" ">
    <subfield code="a">Orchestra</subfield>
    <subfield code="9">1186</subfield>
    <subfield code="z">India</subfield>
    <subfield code="x">Excerpts</subfield>
  </datafield>
  <datafield tag="700" ind1=" " ind2=" ">
    <subfield code="9">17459</subfield>
    <subfield code="a">Asha   bhosle </subfield>
    <subfield code="b"> </subfield>
  </datafield>
  <datafield tag="700" ind1=" " ind2=" ">
    <subfield code="a">Usha   Mangeshker </subfield>
    <subfield code="9">19238</subfield>
  </datafield>
  <datafield tag="700" ind1=" " ind2=" ">
    <subfield code="a">Madan Mohan </subfield>
    <subfield code="9">19239</subfield>
  </datafield>
  <datafield tag="700" ind1=" " ind2=" ">
    <subfield code="a">Mahdi Ali Khan</subfield>
    <subfield code="9">19240</subfield>
  </datafield>
  <datafield tag="942" ind1=" " ind2=" ">
    <subfield code="2">ddc</subfield>
    <subfield code="c">GR</subfield>
  </datafield>
  <datafield tag="999" ind1=" " ind2=" ">
    <subfield code="c">44912</subfield>
    <subfield code="d">44912</subfield>
  </datafield>
</record>
